000 00755nam a2200217Ia 4500
003 GCL
008 140319s9999 xx 000 0 ara d
020 _a5034259957
040 _aGCL /
_cGCL
082 0 4 _a953.07392
_bا ت
100 1 _aابراهيم ياسين الخطيب
245 1 0 _aتاريخ الدولة الزنكية فى بلاد الشام والجزيرة /
_cابراهيم ياسين الخطيب
250 _aالاولى
260 _aالاردن :
_bدار قنديل للنشر والتوزيع ،
_c2004
300 _a255 ص ؛
_c24 سم
650 0 4 _aدولة الاتابكة
650 0 4 _aالدولة الزنكية
650 0 4 _aاتابكة الشام
650 0 4 _aاتابكة الجزيرة
942 _2ddc
_cBK
999 _c10013
_d10013